01471nam a2200241Ia 4500001001100000003001000011008004100021040002500062041001400087100003000101245012700131250001100258260006500269300001200334500026600346501011400612520026600726650001900992942000701011957000601018999004301024952016201067A340-35322IT-CnALBA170116s9999||||xx |||||||||||||| ||und|| aIT-CnALBAcIT-CnALBA aBILINGUE  aVITTORIO AMEDEO DI SAVOIA 0aCOSTITUZIONI DI SUA MAESTÀ PER L'UNIVERSITÀ DI TORINO. REGOLAMENTI DEL MAGISTRATO DELLA RIFORMA PER L'UNIVERSITÀ...  a1a ed. a TORINO, MILANO, ROMAbREALE STAMPERIA c1779 [1° Ed.:1779] a285 p.  aCOSTITUZIONI. MAESTRO RIFORMA STUDI. PRESIDI FACOLTÀ. RETTORE. PROFESSORI. STUDENTI. GRADI SCOLASTICI. UFFICI BIBLIOTECA. TESORIERI BIDELLI. REGOLAMENTI DEL MAGISTRATO. PIETÀ CRISTIANA. ELEZIONE RETTORE. LEZIONI. STUDENTI. GRADI DI FACOLTÀ. ESAMI. REGISTR aSocietà San Paolo EM - Piazza San Paolo, 14 - 12051 ALBA (CN) (non commercial uses only) ® Copyright 2017 aCOSTITUZIONI. MAESTRO RIFORMA STUDI. PRESIDI FACOLTÀ. RETTORE. PROFESSORI. STUDENTI. GRADI SCOLASTICI. UFFICI BIBLIOTECA. TESORIERI BIDELLI. REGOLAMENTI DEL MAGISTRATO. PIETÀ CRISTIANA. ELEZIONE RETTORE. LEZIONI. STUDENTI. GRADI DI FACOLTÀ. ESAMI. REGISTR aDIRITTO CIVILE cBK 71 a40088bSI g Copie: 1 c294151d294151 0010406A_3403532271aALBAbALBAd2017-01-16l0oA340-35322r2017-01-16 00:00:00w2017-01-16yBKz(data import: 16 gennaio 2017) - By Epidotti, Vaglietti.